Alfons Mucha /

Hlavní autor: Mucha, Jiří, 1915-1991
Další autoři: Kadlečíková, Marta, 1935-1996, Vlček, Tomáš, 1941-
Jazyk: Čeština
Vydáno: Praha : Mladá fronta, 1982
Vydání: 2., opr. a dopl. vyd.
Témata:
Externí odkaz: Digitalizovaný dokument
Fyzický popis: 460 s., [40] s. obr. příl. : il. (některé barev.) ; 21 cm
Knihy
Uloženo v:
LEADER 01402nam a2200337 a 4500
001 000309116
003 CZ BrMZK
005 20260223105033.0
007 ta
008 980115s1982 xr af f 001 0 cze d
015 |a cnb000161334 
035 |a (OCoLC)9692391 
040 |a BOA001  |b cze 
080 9 |a 929 Mucha, Alfons  |2 MRF 
080 9 |a 75(437.1)"18/19":92 Mucha, Alfons  |2 MRF 
100 1 |a Mucha, Jiří,  |d 1915-1991  |7 jk01082373  |4 aut 
245 1 0 |a Alfons Mucha /  |c Jiří Mucha ; odborná spolupráce Marta Kadlečíková ; [doslov napsal Tomáš Vlček] 
250 |a 2., opr. a dopl. vyd. 
260 |a Praha :  |b Mladá fronta,  |c 1982 
300 |a 460 s., [40] s. obr. příl. :  |b il. (některé barev.) ;  |c 21 cm 
500 |a 75000 výt. 
500 |a Obsahuje rejstřík 
653 0 |a Mucha, Alfons 1860-1939  |a čeští malíři 
700 1 |a Kadlečíková, Marta,  |d 1935-1996  |7 jk01052476  |4 ctb 
700 1 |a Vlček, Tomáš,  |d 1941-  |7 jk01150130  |4 waw 
856 4 1 |u http://www.digitalniknihovna.cz/mzk/uuid/uuid:8c3ea6b0-f2eb-11e4-8936-005056827e51  |y Digitalizovaný dokument  |x NDK 
910 |a BOA001  |b 2-0855.614 
964 |a Mucha  |b Alfons  |f 1860-1939  |x život  |x dílo 
990 |a BK 
996 7 |b 2610069958  |c 2-0855.614  |l MZK  |r Sklad / do 1 hodiny  |n 45  |w 000309116  |u 000020  |a 1  |e BOA001  |j MZK50  |s A 
996 6 |b 2610737037  |c 2-0855.614  |l MZK  |r Sklad / do 1 hodiny  |n 4  |p dar  |w 000309116  |u 000030  |a 1  |e BOA001  |j MZK50  |s P